National brownfield strategy (Record no. 107217)

MARC details
000 -LEADER
fixed length control field 01426cad a22002415a 4500
001 - CONTROL NUMBER
control field L138659
008 - FIXED-LENGTH DATA ELEMENTS--GENERAL INFORMATION
fixed length control field 070629s2007 xxk f 000 0 eng d
035 ## - SYSTEM CONTROL NUMBER
System control number (Sirsi) u138659
041 0# - LANGUAGE CODE
Language code of text/sound track or separate title eng
050 04 - LIBRARY OF CONGRESS CALL NUMBER
Classification number 333.73 $2 18
110 2# - MAIN ENTRY--CORPORATE NAME
Corporate name or jurisdiction name as entry element English Partnerships
9 (RLIN) 1764
245 00 - TITLE STATEMENT
Title National brownfield strategy
Remainder of title recommendations to government
Medium [electronic resource]
260 ## - PUBLICATION, DISTRIBUTION, ETC.
Place of publication, distribution, etc. London
Name of publisher, distributor, etc. English Partnerships
Date of publication, distribution, etc. 2007
520 ## - SUMMARY, ETC.
Summary, etc. Details policy recommendations aimed at redeveloping thousands of hectares of blighted land for beneficial community use. The recommendations were submitted in May 2007 and a government decision regarding their adoption as policy is expected in Autumn 2007. Contains recommendations for identifying and assessing brownfield sites; safeguarding the environment and ensuring regulatory control; enhancing communities through the removal of blight; and ensuring that the appropriate skills are available through accreditation systems. Includes advice for the implementation of these recommendations.
590 ## - LOCAL NOTE (RLIN)
Local note KA
650 24 - SUBJECT ADDED ENTRY--TOPICAL TERM
Topical term or geographic name entry element PLANNING POLICY STATEMENT 25
650 24 - SUBJECT ADDED ENTRY--TOPICAL TERM
Topical term or geographic name entry element PLANNING POLICY STATEMENT NINE
650 24 - SUBJECT ADDED ENTRY--TOPICAL TERM
Topical term or geographic name entry element PLANNING POLICY STATEMENT 23
651 #4 - SUBJECT ADDED ENTRY--GEOGRAPHIC NAME
Geographic name England and Wales
Chronological subdivision 1543-
690 ## - LOCAL SUBJECT ADDED ENTRY--TOPICAL TERM (OCLC, RLIN)
Topical term or geographic name as entry element PROPERTY-PROPERTY MANAGEMENT-REGENERATION
856 40 - ELECTRONIC LOCATION AND ACCESS
Uniform Resource Identifier <a href="https://www.englishpartnerships.co.uk/epaddresses.htm">https://www.englishpartnerships.co.uk/epaddresses.htm</a>
Public note View the item free of charge at www.englishpartnerships.co.uk...
942 ## - ADDED ENTRY ELEMENTS (KOHA)
Suppress in OPAC 0
Holdings
Withdrawn status Lost status Source of classification or shelving scheme Damaged status Not for loan Home library Current library Shelving location Date acquired Total Checkouts Full call number Barcode Date last seen Copy number Price effective from Koha item type
    Dewey Decimal Classification     Virtual Virtual Online 29/06/2007   ONLINE PUBLICATION 138659-1001 06/08/2019 1 06/08/2019 Book